[Event "Landesliga Sued 1213"]
[Site "Bayern"]
[Date "2013.02.03"]
[Round "6.2"]
[White "Straub, Juergen"]
[Black "Zur Lage, Julian"]
[Result "1-0"]
[WhiteElo "2163"]
[BlackElo "1986"]
[PlyCount "44"]
[EventDate "2012.10.14"]
[EventType "team-tourn"]
[EventRounds "9"]
[EventCountry "GER"]
[SourceTitle "EXT 2015"]
[Source "ChessBase"]
[SourceDate "2014.11.20"]
[SourceVersion "1"]
[SourceVersionDate "2014.11.20"]
[SourceQuality "1"]
[WhiteTeam "Ingolstadt"]
[BlackTeam "Muenchen Tarrasch II"]
[WhiteTeamCountry "GER"]
[BlackTeamCountry "GER"]

1. d4 d5 2. c4 c6 3. Nf3 Nf6 4. e3 Bg4 5. Nc3 e6 6. h3 Bxf3 7. Qxf3 Bd6 8. Bd3 Nbd7 9. 0-0 0-0 10. Bd2 Re8 11. Qe2 e5 12. cxd5 exd4 13. dxc6 bxc6 14. Nd1 Nc5 15. Bc4 Nce4 16. exd4 Bc5 17. Be3 Bxd4 18. Qd3 c5 19. Rc1 Rb8 20. Rc2 Bxe3 21. Nxe3 Qxd3 22. Bxd3 Nxf2 1-0

[Event "Munich OIS op 32nd"]
[Site "Munich"]
[Date "2012.10.05"]
[Round "7"]
[White "Straub, Juergen"]
[Black "Raykhman, Alexander"]
[Result "0-1"]
[WhiteElo "2226"]
[BlackElo "2362"]
[PlyCount "104"]
[EventDate "2012.09.29"]
[EventType "swiss"]
[EventRounds "9"]
[EventCountry "GER"]
[SourceTitle "EXT 2013"]
[Source "ChessBase"]
[SourceDate "2012.11.22"]
[SourceVersion "1"]
[SourceVersionDate "2012.11.22"]
[SourceQuality "1"]

1. b3 d5 2. Bb2 Bg4 3. Nf3 Bxf3 4. exf3 e6 5. d4 g6 6. Nd2 Bg7 7. f4 c5 8. Bb5+ Nc6 9. Bxc6+ bxc6 10. Nf3 Ne7 11. 0-0 0-0 12. Qd3 Qc7 13. Ba3 cxd4 14. Bc5 Rfe8 15. g3 Nf5 16. Nxd4 Nd6 17. Bxd6 Qxd6 18. Rad1 a5 19. a4 Rab8 20. Qa6 Qc5 21. Qd3 Bxd4 22. Qxd4 Qxc2 23. Rc1 Qxb3 24. Rxc6 Rb4 25. Qa7 Qxa4 26. Rc5 Reb8 27. Rxa5 Qc2 28. Rc5 Qe4 29. Rc7 Rb1 30. Rcc1 h5 31. Qa2 R1b2 32. Qa7 h4 33. Rfe1 Qf3 34. Qe3 Qh5 35. Qe5 Qg4 36. Rc8+ Rxc8 37. Qxb2 h3 38. Qb3 Qe2 39. Qd1 Qxd1 40. Rxd1 Rc2 41. Kf1 Kg7 42. Ra1 Kf6 43. Rb1 Kf5 44. Re1 d4 45. Ra1 Ke4 46. Rd1 f5 47. Ke1 Kf3 48. Rd3+ Kg2 49. g4 Rc4 50. gxf5 gxf5 51. Rg3+ Kxh2 52. Rg6 d3 0-1

[Event "Munich OIS op 32nd"]
[Site "Munich"]
[Date "2012.10.02"]
[Round "4"]
[White "Hoeller, Armin"]
[Black "Straub, Juergen"]
[Result "0-1"]
[WhiteElo "2058"]
[BlackElo "2226"]
[PlyCount "98"]
[EventDate "2012.09.29"]
[EventType "swiss"]
[EventRounds "9"]
[EventCountry "GER"]
[SourceTitle "EXT 2013"]
[Source "ChessBase"]
[SourceDate "2012.11.22"]
[SourceVersion "1"]
[SourceVersionDate "2012.11.22"]
[SourceQuality "1"]

1. Nf3 Nf6 2. c4 e6 3. b3 b6 4. g3 Bb7 5. Bg2 Be7 6. 0-0 0-0 7. Bb2 d5 8. Ne5 Qc8 9. d4 Rd8 10. Nd2 dxc4 11. e4 cxb3 12. Qxb3 c5 13. Rac1 Nc6 14. Nef3 cxd4 15. Nxd4 Nxd4 16. Bxd4 Qd7 17. Be3 Rac8 18. Rxc8 Rxc8 19. Rd1 Rd8 20. Rc1 Ng4 21. Nc4 Nxe3 22. Nxe3 Bc5 23. h4 Bc6 24. Rd1 Qe7 25. Rxd8+ Qxd8 26. Nc4 Qd4 27. Qc2 g6 28. Ne3 Bb5 29. Kh2 Qd3 30. Qb2 Qe2 31. Qxe2 Bxe2 32. Bf1 Bf3 33. Bg2 Bxg2 34. Kxg2 Bxe3 35. fxe3 e5 36. Kf3 h5 37. Ke2 Kf8 38. Kd3 Ke7 39. Kc4 Kd6 40. Kb5 Kc7 41. Ka6 Kb8 42. a3 Ka8 43. a4 Kb8 44. a5 bxa5 45. Kxa5 Kb7 46. Kb5 a6+ 47. Kc5 Kc7 48. Kd5 f6 49. Kc5 Kb7 0-1